000 00781nam a22002537a 4500
999 _c134952
_d134952
003 dpl
005 20190221122848.0
008 180522b xxu||||| |||| 00| 0 eng d
010 _aB-229159, B-229183, B-229184
020 _c395.00
_a8189738003
035 _aB-229159, B-229163, B-229184, B-229185
037 _bCen Lib/Ret
040 _aDPL
_bEN
_c0
082 _a954
_bGUP
100 _aGupta, Bharat Bhushan
_94576
245 _aIndia through the ages /
_cby Bharat Bhushan Gupta
246 _b
260 _bNiyogi Offset
_c2006
_aNew Delhi
270 _aD-78, Okhla Industrial ARea, Phase-I
_bNew Delhi
_e110020
300 _a414p. :
_c22cm(Hb)
_bcol.ill.
650 _aIndia
_942237
650 _aIndian story
_942238
942 _2ddc
_cEN
_h954
_mGUP